000 00344nam a2200133Ia 4500
008 240624s9999 xx 000 0 und d
041 _aeng
082 _a658.8102 PIN
100 _aPINK DANIEL H
245 _aDRIVE THE SURPRISING TRUTH ABOUT WHAT MO
260 _c2011
_aNew Delhi
_bRandom House India
300 _a256 : p.
365 _cRS
_b25
999 _c22895
_d22895